[Event "Wroclaw Anderssen Memorial op-A"]
[Site "Wroclaw"]
[Date "2023.08.13"]
[Round "9"]
[White "Zhuk, Ivan"]
[Black "Damen, Jip"]
[Result "0-1"]
[WhiteElo "2019"]
[BlackElo "2199"]
[PlyCount "98"]
[EventDate "2023.08.06"]
[EventType "swiss"]
[EventRounds "9"]
[EventCountry "POL"]
[SourceTitle "CBM 215 Extra"]
[Source "ChessBase"]
[SourceDate "2023.09.30"]
[SourceVersion "1"]
[SourceVersionDate "2023.09.30"]
[SourceQuality "1"]

1. e4 g6 2. d4 Bg7 3. Nf3 a6 4. a4 d6 5. h3 Nf6 6. Nc3 0-0 7. Be2 b6 8. Bg5 Bb7 9. d5 c6 10. Qd2 Nbd7 11. 0-0 Nc5 12. Qe3 Re8 13. Bc4 Ncxe4 14. dxc6 Bxc6 15. Bh6 e6 16. Bxg7 Kxg7 17. Ne2 Nc5 18. Nfd4 Bd5 19. Bxd5 Nxd5 20. Qg3 Ne4 21. Qd3 Ndf6 22. b4 d5 23. f3 Nd6 24. f4 Qc7 25. c3 Qc4 26. Qe3 Nf5 27. Qe5 Rac8 28. g4 Nxd4 29. cxd4 Qc7 30. Qe3 Ne4 31. f5 exf5 32. Rac1 Qd6 33. gxf5 Rxc1 34. Nxc1 gxf5 35. Nd3 Qg3+ 36. Qxg3+ Nxg3 37. Rf2 Ne2+ 38. Kf1 Nxd4 39. Nf4 Rd8 40. Rd2 Ne6 41. Rxd5 Rxd5 42. Nxd5 b5 43. a5 f4 44. Kf2 Kg6 45. Kf3 Kf5 46. Ne7+ Ke5 47. Nc6+ Kd6 48. Nb8 Kc7 49. Nxa6+ Kb7 0-1

[Event "Wroclaw Anderssen Memorial op-A"]
[Site "Wroclaw"]
[Date "2023.08.06"]
[Round "2"]
[White "Damen, Jip"]
[Black "Dobrowolski, Piotr"]
[Result "0-1"]
[WhiteElo "2199"]
[BlackElo "2411"]
[PlyCount "66"]
[EventDate "2023.08.06"]
[EventType "swiss"]
[EventRounds "9"]
[EventCountry "POL"]
[SourceTitle "CBM 215 Extra"]
[Source "ChessBase"]
[SourceDate "2023.09.30"]
[SourceVersion "1"]
[SourceVersionDate "2023.09.30"]
[SourceQuality "1"]

1. e4 c5 2. Nf3 Nc6 3. d4 cxd4 4. Nxd4 Nf6 5. Nc3 d6 6. Bg5 e6 7. Qd2 Be7 8. 0-0-0 a6 9. f3 Nxd4 10. Qxd4 0-0 11. h4 b5 12. h5 h6 13. Be3 Bb7 14. g4 Nd7 15. Kb1 Rc8 16. g5 hxg5 17. h6 Bf6 18. Qxd6 Ne5 19. hxg7 Qxd6 20. Rxd6 Kxg7 21. Be2 Rfd8 22. Rxd8 Bxd8 23. Rg1 f6 24. Bd4 Ng6 25. Be3 Bc7 26. Rd1 Bc6 27. a4 bxa4 28. Bxa6 Rb8 29. Bb5 Rxb5 30. Nxb5 Bxb5 31. c4 Bc6 32. c5 Ne5 33. f4 Nc4 0-1

[Event "BEL-chT 2122"]
[Site "Belgium"]
[Date "2022.02.20"]
[Round "8.7"]
[White "Damen, Jip"]
[Black "Raygrotzki, Norbert"]
[Result "1-0"]
[WhiteElo "2218"]
[BlackElo "1823"]
[PlyCount "43"]
[EventDate "2021.10.24"]
[EventType "team-tourn"]
[EventRounds "11"]
[EventCountry "BEL"]
[SourceTitle "EXT 2023"]
[Source "ChessBase"]
[SourceDate "2022.10.05"]
[SourceVersion "1"]
[SourceVersionDate "2022.10.05"]
[SourceQuality "1"]
[WhiteTeam "Wachtebeke"]
[BlackTeam "KSK47 Eynatten"]
[WhiteTeamCountry "BEL"]
[BlackTeamCountry "BEL"]

1. e4 c6 2. Nf3 d5 3. Nc3 Bg4 4. h3 Bxf3 5. Qxf3 e6 6. g3 Nf6 7. Bg2 dxe4 8. Nxe4 Nxe4 9. Qxe4 Nd7 10. 0-0 Nf6 11. Qe2 Be7 12. Rd1 0-0 13. d4 Qb6 14. c4 a5 15. Be3 Qc7 16. Rac1 Qd8 17. g4 a4 18. g5 Nd7 19. d5 exd5 20. cxd5 Bxg5 21. dxc6 Bxe3 22. Qxe3 1-0

[Event "Leiden SB-ch 1920"]
[Site "Leiden"]
[Date "2020.01.24"]
[Round "4"]
[White "Damen, Jip"]
[Black "Kindt, Manfred"]
[Result "0-1"]
[WhiteElo "2196"]
[BlackElo "2041"]
[PlyCount "89"]
[EventDate "2019.11.08"]
[EventType "swiss"]
[EventRounds "7"]
[EventCountry "NED"]
[SourceTitle "EXT 2023"]
[Source "ChessBase"]
[SourceDate "2022.10.05"]
[SourceVersion "1"]
[SourceVersionDate "2022.10.05"]
[SourceQuality "1"]

1. c4 Nf6 2. Nc3 e5 3. e3 Bb4 4. Nge2 0-0 5. a3 Bxc3 6. Nxc3 d5 7. cxd5 Nxd5 8. Qc2 Be6 9. Be2 Nd7 10. 0-0 c6 11. b4 Qe7 12. Bb2 a5 13. b5 Nxc3 14. Bxc3 cxb5 15. Bxb5 Rfc8 16. Qb2 f6 17. f4 e4 18. f5 Bd5 19. Bxd7 Qxd7 20. Rf4 Ra6 21. Raf1 Bc4 22. R1f2 Bd3 23. Rh4 Rc5 24. Qb3+ Qd5 25. Qxd5+ Rxd5 26. g4 h6 27. Rh3 Rb5 28. Rg3 Rb1+ 29. Kg2 b5 30. h4 b4 31. Bd4 bxa3 32. g5 hxg5 33. hxg5 Kf7 34. gxf6 Rxf6 35. Rf4 a2 36. Rfg4 a1Q 37. Rxg7+ Ke8 38. Bxa1 Rxa1 39. Ra7 Bf1+ 40. Kg1 Bc4+ 41. Kg2 Bf1+ 42. Kg1 Bc4+ 43. Kg2 Bf1+ 44. Kg1 Bc4+ 45. Kg2 0-1

[Event "Krakow op-A 30th"]
[Site "Krakow"]
[Date "2020.01.03"]
[Round "8"]
[White "Damen, Jip"]
[Black "Kucza, Karol"]
[Result "1/2-1/2"]
[WhiteElo "2199"]
[BlackElo "2263"]
[PlyCount "157"]
[EventDate "2019.12.27"]
[EventType "swiss"]
[EventRounds "9"]
[EventCountry "POL"]
[SourceTitle "CBM 195 Extra"]
[Source "ChessBase"]
[SourceDate "2020.05.31"]
[SourceVersion "1"]
[SourceVersionDate "2020.05.31"]
[SourceQuality "1"]

1. e4 e5 2. Nf3 Nc6 3. Bb5 a6 4. Ba4 Nf6 5. 0-0 Be7 6. Bxc6 dxc6 7. Re1 Nd7 8. b3 c5 9. Bb2 Bd6 10. d3 Qe7 11. Nbd2 Nf8 12. Nc4 Ng6 13. Qd2 Bg4 14. Qe3 f6 15. Nfd2 Nf4 16. a4 g5 17. Nxd6+ cxd6 18. Nc4 Be6 19. Nb6 Rd8 20. c4 h5 21. Nd5 Bxd5 22. exd5 a5 23. d4 b6 24. Bc3 h4 25. h3 Kf7 26. dxc5 dxc5 27. Qe4 Kg7 28. Re3 Qf7 29. Rae1 Qg6 30. Qf3 Qh5 31. Qxh5 Rxh5 32. Rf3 Kg6 33. Bd2 Rh7 34. Rfe3 Re7 35. Kh2 Ne6 36. Bc3 Ng7 37. Bb2 Nf5 38. Rd3 e4 39. Rd2 Nd6 40. Rde2 f5 41. Bc3 f4 42. Kg1 Rde8 43. Bb2 Kf5 44. Bc3 Rg8 45. Kh2 Ree8 46. Bb2 Rg6 47. Bc1 Reg8 48. Rf1 R6g7 49. Bb2 Re7 50. Rfe1 Rge8 51. Bc1 Kg6 52. Bb2 Nf5 53. Kg1 Kf7 54. Rd1 e3 55. fxe3 Rxe3 56. Rxe3 fxe3 57. Rf1 Kg6 58. Re1 Ng3 59. Bc1 e2 60. Kf2 Kf5 61. Kf3 Re4 62. Be3 g4+ 63. hxg4+ Rxg4 64. Bf2 Rg8 65. Bxg3 Rxg3+ 66. Kf2 Rxb3 67. Rxe2 Rd3 68. Ke1 Rd4 69. Rc2 Rg4 70. Kd1 Ke5 71. Kc1 Rg3 72. Kb2 Rg4 73. Kc3 Rg3+ 74. Kb2 Kd6 75. Re2 Rg4 76. Kc3 Rg3+ 77. Kb2 Rg4 78. Kc3 Rg3+ 79. Kb2 1/2-1/2

[Event "Krakow op-A 30th"]
[Site "Krakow"]
[Date "2019.12.29"]
[Round "3"]
[White "Malinovsky, Rostyslav"]
[Black "Damen, Jip"]
[Result "0-1"]
[WhiteElo "2296"]
[BlackElo "2199"]
[PlyCount "82"]
[EventDate "2019.12.27"]
[EventType "swiss"]
[EventRounds "9"]
[EventCountry "POL"]
[SourceTitle "CBM 195 Extra"]
[Source "ChessBase"]
[SourceDate "2020.05.31"]
[SourceVersion "1"]
[SourceVersionDate "2020.05.31"]
[SourceQuality "1"]

1. Nf3 c5 2. c4 Nc6 3. Nc3 g6 4. g3 Bg7 5. Bg2 e6 6. d4 cxd4 7. Nb5 d5 8. cxd5 Qa5+ 9. Bd2 Qxb5 10. dxc6 Ne7 11. a4 Qxc6 12. Bb4 Qd7 13. 0-0 0-0 14. Qb3 Rd8 15. Rfd1 Nc6 16. Ba3 e5 17. Ng5 Na5 18. Qb4 Nc6 19. Qb3 Na5 20. Qb4 Qc7 21. Rac1 Nc6 22. Qd2 Bh6 23. Ne6 Bxd2 24. Nxc7 Bxc1 25. Nxa8 Bh6 26. Nc7 Bf5 27. Nd5 Bc2 28. Ra1 f5 29. Be7 Nxe7 30. Nxe7+ Kf7 31. Nd5 e4 32. Nb4 Bb3 33. a5 Rc8 34. f3 Bf8 35. Na2 d3 36. exd3 exd3 37. Nc3 d2 38. f4 Bb4 39. Bf3 Bxc3 40. bxc3 Rxc3 41. Kf2 Rxf3+ 0-1

[Event "Leiden SB-ch 1920"]
[Site "Leiden"]
[Date "2019.12.20"]
[Round "3"]
[White "Damen, Jip"]
[Black "Evenhuis, Wybe"]
[Result "1-0"]
[WhiteElo "2196"]
[BlackElo "1862"]
[PlyCount "65"]
[EventDate "2019.11.08"]
[EventType "swiss"]
[EventRounds "7"]
[EventCountry "NED"]
[SourceTitle "EXT 2023"]
[Source "ChessBase"]
[SourceDate "2022.10.05"]
[SourceVersion "1"]
[SourceVersionDate "2022.10.05"]
[SourceQuality "1"]

1. c4 Nf6 2. Nc3 g6 3. d4 Bg7 4. e4 d6 5. Nge2 0-0 6. Ng3 e5 7. d5 Nbd7 8. h4 a5 9. h5 Nc5 10. h6 Bh8 11. Bg5 c6 12. Qf3 a4 13. 0-0-0 a3 14. b4 Qb6 15. Bxf6 Qxb4 16. Rd2 Bg4 17. Qe3 Bxf6 18. Rc2 Qb6 19. Kd2 Qd8 20. Nge2 Bg5 21. f4 exf4 22. Nxf4 Re8 23. g3 f5 24. Bg2 Qa5 25. Qd4 Re7 26. Kc1 Rae8 27. dxc6 bxc6 28. exf5 Bxf5 29. Bxc6 Nd3+ 30. Kb1 Qb4+ 31. Ka1 Nxf4 32. gxf4 Bxc2 33. Bd5+ 1-0

[Event "Leiden SB-ch 1920"]
[Site "Leiden"]
[Date "2019.11.29"]
[Round "2"]
[White "Salomons, Quinten"]
[Black "Damen, Jip"]
[Result "1/2-1/2"]
[WhiteElo "1819"]
[BlackElo "2196"]
[PlyCount "85"]
[EventDate "2019.11.08"]
[EventType "swiss"]
[EventRounds "7"]
[EventCountry "NED"]
[SourceTitle "EXT 2023"]
[Source "ChessBase"]
[SourceDate "2022.10.05"]
[SourceVersion "1"]
[SourceVersionDate "2022.10.05"]
[SourceQuality "1"]

1. d4 Nf6 2. c4 e6 3. Nf3 d5 4. g3 Be7 5. Bg2 0-0 6. 0-0 Nbd7 7. Qc2 a6 8. Nc3 dxc4 9. e4 b5 10. Bf4 Bb7 11. Rfe1 h6 12. Rad1 Nb6 13. Ne5 Nfd7 14. d5 Nxe5 15. Bxe5 exd5 16. Nxd5 Nxd5 17. exd5 Bd6 18. Bd4 Re8 19. Qf5 Qg5 20. Qxg5 hxg5 21. Kf1 Bb4 22. Bc3 Bxc3 23. bxc3 Rxe1+ 24. Kxe1 Rd8 25. Rd4 Rd6 26. Kd2 f5 27. Ke3 Kf7 28. Rd2 Kf6 29. Kd4 g4 30. Kc5 Rd8 31. h4 gxh3 32. Bxh3 Rd6 33. Bg2 g5 34. a4 Rb6 35. axb5 axb5 36. Re2 Bc8 37. Re8 Bd7 38. Rf8+ Kg7 39. Rd8 Rd6 40. Ra8 Kf6 41. Ra7 Ke7 42. Rxc7 Rh6 43. Bf3 1/2-1/2

[Event "Leiden op-A 13th"]
[Site "Leiden"]
[Date "2019.07.18"]
[Round "6"]
[White "Mijnster, Niels"]
[Black "Damen, Jip"]
[Result "1/2-1/2"]
[WhiteElo "2089"]
[BlackElo "2179"]
[PlyCount "49"]
[EventDate "2019.07.12"]
[EventType "swiss"]
[EventRounds "9"]
[EventCountry "NED"]
[SourceTitle "EXT 2020"]
[Source "ChessBase"]
[SourceDate "2019.10.17"]
[SourceVersion "1"]
[SourceVersionDate "2019.10.17"]
[SourceQuality "1"]

1. d4 e6 2. Nf3 c5 3. e3 Nf6 4. Bd3 b6 5. 0-0 Bb7 6. c4 Be7 7. Nc3 0-0 8. d5 exd5 9. cxd5 d6 10. e4 Re8 11. Re1 Bf8 12. Bg5 h6 13. Bh4 Nbd7 14. Nd2 a6 15. a4 Ne5 16. Bc2 Bc8 17. h3 Rb8 18. Nf3 Ng6 19. Bg3 Nh5 20. Ne5 Nxe5 21. Qxh5 b5 22. axb5 axb5 23. f4 g6 24. Qe2 Nc4 25. b3 1/2-1/2

[Event "Leiden op-A 13th"]
[Site "Leiden"]
[Date "2019.07.14"]
[Round "3"]
[White "Damen, Jip"]
[Black "Al Hajiri, Bader"]
[Result "0-1"]
[WhiteElo "2179"]
[BlackElo "2077"]
[PlyCount "114"]
[EventDate "2019.07.12"]
[EventType "swiss"]
[EventRounds "9"]
[EventCountry "NED"]
[SourceTitle "EXT 2020"]
[Source "ChessBase"]
[SourceDate "2019.10.17"]
[SourceVersion "1"]
[SourceVersionDate "2019.10.17"]
[SourceQuality "1"]

1. e4 e6 2. d4 d5 3. Nc3 Nf6 4. Bg5 Be7 5. e5 Nfd7 6. h4 a6 7. Qg4 Bxg5 8. hxg5 c5 9. g6 f5 10. exf6 Nxf6 11. Rxh7 Rf8 12. Qf4 cxd4 13. Qxd4 Nc6 14. Qd2 d4 15. Rxg7 dxc3 16. Qxc3 Ne4 17. Qe3 Qf6 18. Rf7 Qxb2 19. Rd1 Qb4+ 20. c3 Qxc3+ 21. Qxc3 Nxc3 22. Rd3 Nd5 23. Rh7 Ne5 24. Rg3 Rg8 25. g7 Bd7 26. Nh3 Nf6 27. Rh6 Ke7 28. f4 Neg4 29. Rg6 e5 30. Bc4 Rgc8 31. g8Q Rxg8 32. Bxg8 Rxg8 33. Rxg8 Nxg8 34. fxe5 N8h6 35. Nf4 Nxe5 36. Nd5+ Kd6 37. Ne3 Be6 38. a3 b5 39. Rg7 Nf5 40. Nxf5+ Bxf5 41. Kd2 Nc4+ 42. Kc3 Nxa3 43. g4 Bc8 44. g5 a5 45. Ra7 b4+ 46. Kb3 Be6+ 47. Ka4 Bd7+ 48. Kb3 Be6+ 49. Ka4 Nc4 50. Ra6+ Ke7 51. Ra7+ Kf8 52. g6 Kg8 53. Re7 Bd5 54. Rc7 Nb6+ 55. Kxa5 b3 56. Rc1 b2 57. Rb1 Be4 0-1

[Event "Riga RTU rapid op"]
[Site "Riga"]
[Date "2019.07.04"]
[Round "4"]
[White "Damen, Jip"]
[Black "Korolev, Alexandr"]
[Result "1-0"]
[WhiteElo "2179"]
[BlackElo "1938"]
[PlyCount "77"]
[EventDate "2019.07.04"]
[EventType "swiss (rapid)"]
[EventRounds "9"]
[EventCountry "LAT"]
[SourceTitle "EXT 2020"]
[Source "ChessBase"]
[SourceDate "2019.10.17"]
[SourceVersion "1"]
[SourceVersionDate "2019.10.17"]
[SourceQuality "1"]

1. e4 e5 2. Nf3 Nf6 3. Nxe5 Nxe4 4. Qe2 Qe7 5. Qxe4 d6 6. d4 dxe5 7. dxe5 Nc6 8. Nc3 Qxe5 9. Qxe5+ Nxe5 10. Bf4 Bd6 11. Bg3 Bf5 12. 0-0-0 a6 13. Bxe5 Bxe5 14. Re1 f6 15. f4 0-0-0 16. fxe5 Rhe8 17. Bc4 fxe5 18. Rhf1 Bg6 19. Bf7 Re7 20. Bxg6 hxg6 21. Re4 Rd4 22. Rfe1 Rxe4 23. Rxe4 Kd7 24. Rg4 Re6 25. Ne4 Kc6 26. c4 b5 27. cxb5+ axb5 28. Kd2 Kd5 29. Nc3+ Kc5 30. b4+ Kb6 31. Ne4 Kc6 32. Kc3 Kd5 33. Kd3 c6 34. Nc3+ Kd6 35. Ke4 Rf6 36. a4 bxa4 37. Nxa4 Ke6 38. Nc5+ Kd6 39. Nd3 1-0

[Event "Riga RTU rapid op"]
[Site "Riga"]
[Date "2019.07.04"]
[Round "8"]
[White "Damen, Jip"]
[Black "Smirnova, Ekaterina"]
[Result "1/2-1/2"]
[WhiteElo "2179"]
[BlackElo "2134"]
[PlyCount "78"]
[EventDate "2019.07.04"]
[EventType "swiss (rapid)"]
[EventRounds "9"]
[EventCountry "LAT"]
[SourceTitle "EXT 2020"]
[Source "ChessBase"]
[SourceDate "2019.10.17"]
[SourceVersion "1"]
[SourceVersionDate "2019.10.17"]
[SourceQuality "1"]

1. e4 e6 2. d4 d5 3. Nc3 Bb4 4. exd5 exd5 5. Bd3 Ne7 6. Nge2 Bf5 7. a3 Bxd3 8. Qxd3 Bxc3+ 9. Qxc3 c6 10. 0-0 Nd7 11. Bg5 f6 12. Bf4 0-0 13. Rfe1 Ng6 14. Qb4 Re8 15. Bg3 Qb6 16. Qc3 Re6 17. Nf4 Nxf4 18. Bxf4 Rae8 19. g3 Nf8 20. Bd6 Ng6 21. Bc5 Qc7 22. Rxe6 Rxe6 23. Re1 Rxe1+ 24. Qxe1 Kf7 25. h4 b6 26. Bb4 a5 27. Bd2 Qe7 28. Be3 Qe4 29. Qc3 Ne7 30. Bf4 a4 31. Bd6 Nf5 32. Qxc6 Qe1+ 33. Kg2 Qe4+ 34. Kh2 Nxd6 35. Qxd6 Qxd4 36. Qd7+ Kf8 37. Qd8+ Kf7 38. Qd7+ Kf8 39. Qd8+ Kf7 1/2-1/2

[Event "Riga RTU rapid op"]
[Site "Riga"]
[Date "2019.07.04"]
[Round "1"]
[White "Gubareva, Sofia"]
[Black "Damen, Jip"]
[Result "0-1"]
[WhiteElo "1620"]
[BlackElo "2179"]
[PlyCount "100"]
[EventDate "2019.07.04"]
[EventType "swiss (rapid)"]
[EventRounds "9"]
[EventCountry "LAT"]
[SourceTitle "EXT 2020"]
[Source "ChessBase"]
[SourceDate "2019.10.17"]
[SourceVersion "1"]
[SourceVersionDate "2019.10.17"]
[SourceQuality "1"]

1. d4 Nf6 2. c4 g6 3. Nc3 Bg7 4. e4 0-0 5. f3 c5 6. d5 e6 7. Be3 d6 8. Qd2 exd5 9. cxd5 a6 10. a4 Nbd7 11. Nge2 h5 12. h4 Ne5 13. Nc1 Re8 14. Bh6 Bh8 15. Bg5 Qc7 16. Be2 Rb8 17. Rf1 Nh7 18. Bf4 f5 19. Qc2 Bf6 20. g3 Bg7 21. Kf2 fxe4 22. Nxe4 Bf5 23. Re1 Bxe4 24. fxe4 Nf6 25. Nd3 Nxe4+ 26. Kg2 Ng4 27. Bxg4 hxg4 28. Nf2 Nxf2 29. Qxf2 Qf7 30. Qd2 Bd4 31. Qc2 Qxd5+ 32. Kh2 Kg7 33. Qd2 Qb3 34. Bxd6 Rbd8 35. Rxe8 Rxe8 36. Re1 Rxe1 37. Qxe1 Qxb2+ 38. Kh1 Qa1 39. Qxa1 Bxa1 40. Bxc5 b5 41. axb5 axb5 42. Bb4 Kf7 43. Kg1 Ke6 44. Kf2 Kd5 45. Ke3 Be5 46. Be1 Bd6 47. Kd3 b4 48. Bf2 Be5 49. Kc2 Ke4 50. Be1 Bc3 0-1

[Event "Hilversum op"]
[Site "Hilversum"]
[Date "2019.06.22"]
[Round "3"]
[White "Damen, Jip"]
[Black "Burg, Twan"]
[Result "0-1"]
[WhiteElo "2175"]
[BlackElo "2523"]
[PlyCount "70"]
[EventDate "2019.06.21"]
[EventType "swiss"]
[EventRounds "6"]
[EventCountry "NED"]
[SourceTitle "CBM 191 Extra"]
[Source "ChessBase"]
[SourceDate "2019.09.30"]
[SourceVersion "1"]
[SourceVersionDate "2019.09.30"]
[SourceQuality "1"]

1. e4 e6 2. d4 d5 3. Nd2 a6 4. Ngf3 c5 5. exd5 exd5 6. dxc5 Bxc5 7. Nb3 Be7 8. Bd3 Nf6 9. 0-0 0-0 10. Bg5 Bg4 11. h3 Bh5 12. Nbd4 Re8 13. Re1 Nbd7 14. Nf5 Bf8 15. Rxe8 Qxe8 16. Ng3 Bg6 17. Bxg6 hxg6 18. Qe2 Qd8 19. Ne5 Bd6 20. Nxd7 Qxd7 21. Bxf6 gxf6 22. Qf3 Be5 23. Rd1 Qa4 24. Qxd5 Qxc2 25. b3 Qxa2 26. Ne4 Qe2 27. f4 Qe3+ 28. Nf2 Qxf4 29. Qxb7 Rb8 30. Qxa6 Rxb3 31. Qa8+ Kg7 32. Qe4 Qh2+ 33. Kf1 Bg3 34. Qd4 Rb5 35. Rd2 Rf5 0-1

[Event "Eindhoven WLC op 10th"]
[Site "Eindhoven"]
[Date "2019.05.26"]
[Round "5"]
[White "Van Amerongen, Marleen"]
[Black "Damen, Jip"]
[Result "1/2-1/2"]
[WhiteElo "2151"]
[BlackElo "2184"]
[PlyCount "43"]
[EventDate "2019.05.24"]
[EventType "swiss"]
[EventRounds "6"]
[EventCountry "NED"]
[SourceTitle "CBM 190 Extra"]
[Source "ChessBase"]
[SourceDate "2019.07.15"]
[SourceVersion "1"]
[SourceVersionDate "2019.07.15"]
[SourceQuality "1"]

1. e4 e6 2. d4 d5 3. e5 c5 4. b4 cxb4 5. a3 bxa3 6. Bxa3 Bxa3 7. Nxa3 Qa5+ 8. Qd2 Qxd2+ 9. Kxd2 Bd7 10. Nb5 Bxb5 11. Bxb5+ Nc6 12. Bxc6+ bxc6 13. Ra6 Ne7 14. Nf3 Kd7 15. Rha1 Nc8 16. Ne1 Kc7 17. Nd3 Rb8 18. Nc5 Rf8 19. f4 h5 20. g3 g6 21. h3 Rb5 22. Kc3 1/2-1/2

[Event "Leiden Noteboom Memorial 79th"]
[Site "Leiden"]
[Date "2019.02.23"]
[Round "2"]
[White "Damen, Jip"]
[Black "Nikolic, Predrag"]
[Result "0-1"]
[WhiteElo "2170"]
[BlackElo "2573"]
[PlyCount "56"]
[EventDate "2019.02.22"]
[EventType "swiss"]
[EventRounds "6"]
[EventCountry "NED"]
[SourceTitle "CBM 189 Extra"]
[Source "ChessBase"]
[SourceDate "2019.06.03"]
[SourceVersion "1"]
[SourceVersionDate "2019.06.03"]
[SourceQuality "1"]

1. e4 e5 2. Nc3 Nf6 3. f4 d6 4. Nf3 exf4 5. d4 Nh5 6. Bc4 Be6 7. Qe2 c6 8. 0-0 Bxc4 9. Qxc4 Be7 10. g4 fxg3 11. Ng5 gxh2+ 12. Kxh2 d5 13. Qe2 Qd6+ 14. e5 Qg6 15. Rg1 Na6 16. Nge4 Qe6 17. Qxh5 g6 18. Ng5 gxh5 19. Nxe6 fxe6 20. Rg7 Nb4 21. Ne2 Nxc2 22. Rb1 Rf8 23. Bf4 Kd7 24. Rd1 Rf5 25. Rxh7 Raf8 26. Rg1 Rxf4 27. Nxf4 Rxf4 28. Rgg7 Rh4+ 0-1

[Event "Leiden Noteboom Memorial 79th"]
[Site "Leiden"]
[Date "2019.02.22"]
[Round "1"]
[White "Damen, Jip"]
[Black "Mensing, Andrew"]
[Result "1-0"]
[WhiteElo "2170"]
[BlackElo "1924"]
[PlyCount "51"]
[EventDate "2019.02.22"]
[EventType "swiss"]
[EventRounds "6"]
[EventCountry "NED"]
[SourceTitle "CBM 189 Extra"]
[Source "ChessBase"]
[SourceDate "2019.06.03"]
[SourceVersion "1"]
[SourceVersionDate "2019.06.03"]
[SourceQuality "1"]

1. e4 c5 2. Nf3 e6 3. d4 cxd4 4. Nxd4 a6 5. Bd3 Nf6 6. Qe2 Qc7 7. c4 d6 8. 0-0 Nc6 9. Nxc6 bxc6 10. Nc3 e5 11. f4 Be7 12. Kh1 Rb8 13. c5 Qa5 14. cxd6 Bxd6 15. f5 h6 16. a3 Bc5 17. Rb1 Bd4 18. b4 Qc7 19. Bd2 Ra8 20. Rf3 g5 21. Qd1 Ng4 22. Qe1 f6 23. Na4 Qd6 24. Nc5 a5 25. Rc1 h5 26. Bc4 1-0

[Event "Hoogeveen op 22nd"]
[Site "Hoogeveen"]
[Date "2018.10.24"]
[Round "6"]
[White "Klaren, Duncan"]
[Black "Damen, Jip"]
[Result "1/2-1/2"]
[WhiteElo "1950"]
[BlackElo "2192"]
[PlyCount "143"]
[EventDate "2018.10.20"]
[EventType "swiss"]
[EventRounds "9"]
[EventCountry "NED"]
[SourceTitle "CBM 187 Extra"]
[Source "ChessBase"]
[SourceDate "2018.11.04"]
[SourceVersion "1"]
[SourceVersionDate "2018.11.04"]
[SourceQuality "1"]

1. e4 d5 2. exd5 Nf6 3. Nf3 Bg4 4. Bb5+ Nbd7 5. 0-0 Nxd5 6. h3 Bh5 7. Nc3 Nxc3 8. dxc3 c6 9. Bd3 Ne5 10. Be2 Qxd1 11. Rxd1 Nxf3+ 12. Bxf3 Bxf3 13. gxf3 Rd8 14. Be3 b6 15. Rxd8+ Kxd8 16. a4 c5 17. a5 Kc7 18. b4 b5 19. Bxc5 a6 20. Rd1 g6 21. Bd4 f6 22. Bb6+ Kc6 23. Bc5 Kc7 24. c4 bxc4 25. Rd4 Kc6 26. Rxc4 Kb5 27. Rd4 Bh6 28. Bxe7 Rc8 29. Bc5 f5 30. Rd6 Bf8 31. Rb6+ Kc4 32. Bxf8 Rxf8 33. Rb7 Rf6 34. Kf1 Re6 35. Rb6 Re7 36. h4 Kc3 37. Rxa6 Kxb4 38. Ra8 Kb5 39. a6 Kb6 40. a7 Kb7 41. Rb8+ Kxa7 42. Rb3 Rc7 43. c3 Rc4 44. f4 Rxf4 45. Rb4 Rf3 46. Kg2 Rxc3 47. Rb2 h6 48. Rb4 Rc6 49. Kg3 Rc3+ 50. Kg2 Ka6 51. Rf4 Rc5 52. Rb4 Rb5 53. Rd4 Rb6 54. Rd5 h5 55. Kg3 Kb7 56. Rc5 Rb4 57. Rc3 Kb6 58. Rc8 Rg4+ 59. Kh3 Kb5 60. Rc1 f4 61. Rc8 Kb4 62. Rc6 Kb3 63. Rc1 f3 64. Rc6 Rg2 65. Rf6 Rxf2 66. Kg3 Rg2+ 67. Kxf3 Rg1 68. Rf4 Kc3 69. Kf2 Rd1 70. Rf6 Rd2+ 71. Kg3 Rd3+ 72. Rf3 1/2-1/2

[Event "Bruges Masters op"]
[Site "Bruges"]
[Date "2018.08.13"]
[Round "4"]
[White "Van Foreest, Lucas"]
[Black "Damen, Jip"]
[Result "1/2-1/2"]
[WhiteElo "2488"]
[BlackElo "2183"]
[PlyCount "75"]
[EventDate "2018.08.12"]
[EventType "swiss"]
[EventRounds "9"]
[EventCountry "BEL"]
[SourceTitle "CBM 186 Extra"]
[Source "ChessBase"]
[SourceDate "2018.08.24"]
[SourceVersion "1"]
[SourceVersionDate "2018.08.24"]
[SourceQuality "1"]

1. e4 g6 2. d4 d6 3. Nc3 Bg7 4. Be3 a6 5. h4 h5 6. Nh3 Bxh3 7. Rxh3 Nd7 8. f3 Rc8 9. Qd2 c5 10. 0-0-0 Qa5 11. Kb1 cxd4 12. Bxd4 Bxd4 13. Qxd4 Ngf6 14. Qd2 Qc5 15. Be2 b5 16. Rhh1 Nb6 17. a3 Rc7 18. g4 hxg4 19. fxg4 Qe5 20. g5 Rxc3 21. gxf6 Na4 22. fxe7 Rh3 23. c3 Rxh1 24. Rxh1 Kxe7 25. Bf3 Nc5 26. Qf2 Qf4 27. e5 Ne6 28. exd6+ Qxd6 29. Ka1 Qc5 30. Qe2 a5 31. Bg4 Qc4 32. Qe5 f6 33. Qg3 Qf4 34. Qg2 f5 35. Be2 b4 36. cxb4 axb4 37. Qb7+ Kf6 38. Qxb4 1/2-1/2

[Event "Leiden op-A 12th"]
[Site "Leiden"]
[Date "2018.07.16"]
[Round "4"]
[White "Maiorov, Nikita"]
[Black "Damen, Jip"]
[Result "0-1"]
[WhiteElo "2526"]
[BlackElo "2145"]
[PlyCount "68"]
[EventDate "2018.07.13"]
[EventType "swiss"]
[EventRounds "9"]
[EventCountry "NED"]
[SourceTitle "CBM 185 Extra"]
[Source "ChessBase"]
[SourceDate "2018.07.29"]
[SourceVersion "1"]
[SourceVersionDate "2018.07.29"]
[SourceQuality "1"]

1. d4 Nf6 2. c4 e6 3. Nc3 Bb4 4. Qc2 d6 5. Nf3 0-0 6. g3 b6 7. Bg2 Bb7 8. 0-0 Bxc3 9. Qxc3 Nbd7 10. b3 c5 11. Bb2 Be4 12. Rfe1 Rc8 13. Rad1 Qc7 14. Bh3 d5 15. Ng5 Bg6 16. cxd5 Nxd5 17. Qd2 N5f6 18. Ba1 h6 19. Nf3 Be4 20. Qe3 Qb7 21. Nd2 cxd4 22. Qxd4 Bc2 23. Rc1 Qd5 24. Qb2 Qxd2 25. Red1 Qxd1+ 26. Rxd1 Bxd1 27. Qd2 Bc2 28. g4 Bg6 29. f3 Rc2 30. Qe3 Rfc8 31. Bf1 Rxa2 32. Qd4 Rc1 33. Bc3 Rxe2 34. f4 Be4 0-1

[Event "Hoogeveen op 21st"]
[Site "Hoogeveen"]
[Date "2017.10.26"]
[Round "7"]
[White "Damen, Jip"]
[Black "Paszewski, Mateusz"]
[Result "1/2-1/2"]
[WhiteElo "2016"]
[BlackElo "2289"]
[PlyCount "98"]
[EventDate "2017.10.21"]
[EventType "swiss"]
[EventRounds "9"]
[EventCountry "NED"]
[SourceTitle "CBM 181 Extra"]
[Source "ChessBase"]
[SourceDate "2017.12.12"]
[SourceVersion "1"]
[SourceVersionDate "2017.12.12"]
[SourceQuality "1"]

1. e4 c5 2. Nc3 Nc6 3. Bb5 Nd4 4. Nf3 a6 5. Bd3 Nc6 6. 0-0 d6 7. Bc4 e6 8. a4 Qb6 9. Ne2 Nf6 10. Ng3 Be7 11. Bb3 0-0 12. c3 Na5 13. Bc2 c4 14. d4 cxd3 15. Bxd3 Nc6 16. Qe2 Bd7 17. Be3 Qc7 18. Bc2 Rfe8 19. Rad1 Rac8 20. Nd4 Nxd4 21. Bxd4 e5 22. Be3 Bg4 23. f3 Be6 24. Rd2 d5 25. exd5 Nxd5 26. Rxd5 Bxd5 27. Qd3 Bc5 28. Qxh7+ Kf8 29. Qh8+ Ke7 30. Nf5+ Kd7 31. Qxg7 Rg8 32. Qh6 Rcd8 33. Qh3 Be6 34. Qh4 Bxe3+ 35. Nxe3 Qc5 36. Qe4 Kc7 37. Rf2 f5 38. Nxf5 Bxf5 39. Qxf5 Rd2 40. Qh7+ Kb6 41. Qh6+ Rd6 42. Qh4 Rgd8 43. Qb4+ Qxb4 44. cxb4 Rd2 45. Be4 Rxf2 46. Kxf2 Rd2+ 47. Kg1 Rd1+ 48. Kf2 Rd2+ 49. Kg1 Rd1+ 1/2-1/2